<?xml version="1.0" encoding="UTF-8"?>
<collection xmlns="http://www.loc.gov/MARC21/slim">
 <record>
  <leader>00898nam a2200229   4500</leader>
  <controlfield tag="001">000021423</controlfield>
  <controlfield tag="003">17871</controlfield>
  <controlfield tag="005">20150420140445.0</controlfield>
  <controlfield tag="008">150420s2011                           sd</controlfield>
  <datafield tag="100" ind1="1" ind2=" ">
   <subfield code="a">Bùi Thị Thanh</subfield>
   <subfield code="e">Chủ nhiệm đề tài</subfield>
  </datafield>
  <datafield tag="245" ind1="1" ind2="0">
   <subfield code="a">Soạn thảo ngân hàng đề thi tự luận các học phần phương pháp giảng dạy tiếng việt thực hành, lý thuyết hội thoại cho hai ngành sư phạm giáo dục tiểu học và sư phạm giáo dục mầm non.</subfield>
   <subfield code="c">Bùi Thị Thanh</subfield>
  </datafield>
  <datafield tag="260" ind1=" " ind2=" ">
   <subfield code="c">2011</subfield>
  </datafield>
  <datafield tag="500" ind1=" " ind2=" ">
   <subfield code="a">Đề tài NCKH cấp Trường Đại học Sư Phạm Đà Nẵng . Mã số : T2011-03-29</subfield>
  </datafield>
  <datafield tag="OWN" ind1=" " ind2=" ">
   <subfield code="a">LSP</subfield>
  </datafield>
  <datafield tag="999" ind1=" " ind2=" ">
   <subfield code="a">From the UDN01</subfield>
  </datafield>
  <datafield tag="TYP" ind1=" " ind2=" ">
   <subfield code="a">Mixed Materials</subfield>
  </datafield>
  <datafield tag="TYP" ind1=" " ind2=" ">
   <subfield code="a">Monograph</subfield>
  </datafield>
  <datafield tag="TYP" ind1=" " ind2=" ">
   <subfield code="a">Printed language</subfield>
  </datafield>
  <datafield tag="980" ind1=" " ind2=" ">
   <subfield code="a">Mạng thư viện Đại học Đà Nẵng</subfield>
  </datafield>
 </record>
</collection>
